000 00354 a2200157 4500
001 72020
020 _a853225070X
040 _cAnchieta - Colégio São Paulo
100 _aMachado, Ana Maria
240 1 0 _aPimenta no cocuruto
_lpor
245 1 0 _aPimenta no cocuruto
300 _a31
362 0 _a2003
650 4 _aLiteratura infantil
942 _cBK
999 _c72020
_d72020